00723cam a2200229 i 45000010008000000030007000080050017000150080041000320200038000730400022001110420009001330840019001421000015001612450049001762460058002252460078002832500011003612600046003723000035004185000026004537000014004791129322YEEZEN20241104104322.0240423s2022 ch a g 000 e chi d a9786269695591q(平裝) :cNT$450 aPTTCLbchicPTTCL anbic a863.552ncsclt1 aSu, Peter.10a分開之前, 先學會道別 /cPeter Su著1 i封面副題名 :a拉達克, 未完成的故事集I.1 i封面英文題名 :aBefore we say goodbye : Ladakh I. Unfinished tales. a初版 a臺北市 :b是日創意文化,c2024.04 a221 面 :b彩圖 ;c22 公分 a著者本名蘇世豪1 a蘇世豪